[Event "FRA-ch op-B"]
[Site "Aix les Bains"]
[Date "2007.08.21"]
[Round "8"]
[White "Gonzalez, Maxime"]
[Black "Lorieux, Christian"]
[Result "1/2-1/2"]
[WhiteElo "1824"]
[BlackElo "1961"]
[PlyCount "56"]
[EventDate "2007.08.13"]
[EventType "swiss"]
[EventRounds "11"]
[EventCountry "FRA"]
[SourceTitle "CBM 120 Extra"]
[Source "ChessBase"]
[SourceDate "2007.11.01"]
[SourceVersion "1"]
[SourceVersionDate "2007.11.01"]
[SourceQuality "1"]

1. e4 e6 2. d4 d5 3. e5 c5 4. c3 Nc6 5. Nf3 Bd7 6. Bd3 f6 7. 0-0 cxd4 8. cxd4 fxe5 9. dxe5 g6 10. Nc3 Bg7 11. Qe2 Nge7 12. Bf4 0-0 13. Bg3 Rc8 14. h4 a6 15. h5 Nf5 16. hxg6 hxg6 17. Bh2 b5 18. Nd1 Be8 19. Ne3 Nh4 20. Nxh4 Qxh4 21. f4 g5 22. f5 Bxe5 23. Bxe5 Nxe5 24. fxe6 Bh5 25. Qd2 Ng4 26. Nxg4 Qxg4 27. e7 Qd4+ 28. Kh1 Qh4+ 1/2-1/2

[Event "FRA-ch op-B"]
[Site "Aix les Bains"]
[Date "2007.08.20"]
[Round "7"]
[White "Lorieux, Christian"]
[Black "Roubaud, Alexandre"]
[Result "0-1"]
[WhiteElo "1961"]
[BlackElo "1842"]
[PlyCount "74"]
[EventDate "2007.08.13"]
[EventType "swiss"]
[EventRounds "11"]
[EventCountry "FRA"]
[SourceTitle "CBM 120 Extra"]
[Source "ChessBase"]
[SourceDate "2007.11.01"]
[SourceVersion "1"]
[SourceVersionDate "2007.11.01"]
[SourceQuality "1"]

1. f4 d5 2. e3 Nf6 3. Nf3 Bf5 4. b3 a6 5. Bb2 c5 6. Be2 Nc6 7. Ne5 e6 8. Nxc6 bxc6 9. d3 Be7 10. 0-0 h6 11. Nd2 Qb6 12. c4 Rd8 13. g4 Bg6 14. h4 Qc7 15. Qe1 dxc4 16. Nxc4 Bxd3 17. Bxd3 Rxd3 18. Qe2 Qd8 19. Rad1 Rd5 20. Ne5 Qb6 21. Nc4 Qd8 22. Ne5 Qb6 23. Nc4 Qd8 24. e4 Nxe4 25. Rxd5 cxd5 26. Ne5 Qb6 27. f5 Ng3 28. Qf3 Nxf1 29. Nxf7 c4+ 30. Kxf1 Rf8 31. Ne5 exf5 32. Qxd5 fxg4+ 33. Ke2 Qf2+ 34. Kd1 Qf1+ 35. Kc2 Rf2+ 36. Kc3 Qe1+ 37. Kxc4 Rc2+ 0-1

[Event "Nogent le Retrou op"]
[Site "Nogent le Retrou "]
[Date "2005.03.27"]
[Round "4"]
[White "Girard, Eric"]
[Black "Lorieux, Christian"]
[Result "0-1"]
[WhiteElo "2116"]
[BlackElo "1870"]
[PlyCount "70"]
[EventDate "2005.03.25"]
[EventType "swiss"]
[EventRounds "9"]
[EventCountry "FRA"]
[SourceTitle "EXT 2007"]
[Source "ChessBase"]
[SourceDate "2006.11.23"]
[SourceVersion "1"]
[SourceVersionDate "2006.11.23"]
[SourceQuality "1"]

1. c4 Nf6 2. Nc3 g6 3. e4 d6 4. d4 Bg7 5. Be2 0-0 6. Bg5 Nbd7 7. Qd2 Re8 8. h4 c5 9. d5 Ne5 10. 0-0-0 a6 11. h5 b5 12. cxb5 axb5 13. Bxb5 Bd7 14. Be2 Qb6 15. hxg6 Reb8 16. Bxf6 Bxf6 17. gxf7+ Nxf7 18. Bh5 Bg5 19. Bxf7+ Kh8 20. Rxh7+ Kxh7 21. Bg8+ Kg6 22. Bf7+ Kh7 23. Bg8+ Rxg8 24. f4 Bh6 25. Nf3 Bg4 26. Rh1 Rg6 27. f5 Rf6 28. e5 dxe5 29. Ne4 Rxa2 30. Kb1 Bxf5 31. Nfg5+ Kg7 32. Rxh6 Rxh6 33. Ne6+ Rxe6 34. Qg5+ Bg6 35. Kxa2 Qa5+ 0-1

[Event "Nogent le Retrou op"]
[Site "Nogent le Retrou "]
[Date "2005.03.25"]
[Round "1"]
[White "Lorieux, Christian"]
[Black "Do Huu Thuy, Trang"]
[Result "0-1"]
[WhiteElo "1870"]
[BlackElo "2119"]
[PlyCount "57"]
[EventDate "2005.03.25"]
[EventType "swiss"]
[EventRounds "9"]
[EventCountry "FRA"]
[SourceTitle "EXT 2007"]
[Source "ChessBase"]
[SourceDate "2006.11.23"]
[SourceVersion "1"]
[SourceVersionDate "2006.11.23"]
[SourceQuality "1"]

1. e4 c5 2. Nf3 d6 3. d4 cxd4 4. Nxd4 Nf6 5. Nc3 a6 6. Be2 e5 7. Nb3 Be7 8. 0-0 0-0 9. Be3 Nbd7 10. Qd2 b6 11. Rad1 Bb7 12. f3 Rc8 13. Bd3 Qc7 14. Qe2 b5 15. Qf2 b4 16. Ne2 d5 17. Ng3 g6 18. Bh6 Rfe8 19. Nf5 gxf5 20. Qg3+ Ng4 21. exf5 Qb6+ 22. Kh1 Qxh6 23. fxg4 Bg5 24. Na5 Ba8 25. Rfe1 Bf4 26. Qh3 Qxh3 27. gxh3 d4+ 28. Kg1 Nc5 29. Nc4 0-1